| 000 | 00000nam 2200000za 4500 |
| 001 | 9.691948 |
| 003 | CaOODSP |
| 005 | 20240209130843 |
| 007 | cr ||||||||||| |
| 008 | 150407|2004||||xxc|||||o f|0| 0 eng d |
| 040 | |aCaOODSP|beng |
| 043 | |an-cn--- |
| 086 | 1 |aNR24-4/2004E-PDF |
| 110 | 2 |aInstitute for Research in Construction (Canada) |
| 245 | 10|aWorkstation design for organizational productivity / |h[electronic resource]|c[jointly published by] Innovations and Solutions Directorate (ISD), Real Property Branch, Public Works and Government Services Canada. |
| 260 | |aOttawa - Ontario : |bNational Research Council. |c2004. |
| 300 | |a111p. |
| 500 | |a"Practical advice based on scientific research findings for the design and management of open-plan offices".--page i. The catalogue no. (NR24-4/2004E) and ISBN (0-662-38514-4) for the print edition have been incorrectly copied in the pdf edition. |
| 590 | |a12-40-Supp|b2012-10-23 |
| 690 | 07|aWork organization|2gcpds |
| 775 | 08|tConception des postes de travail et productivité organisationnelle / |w(CaOODSP)9.636243 |
| 856 | 40|ahttp://publications.gc.ca|qPDF|s83.6 MB|uhttps://publications.gc.ca/collections/collection_2012/crsng-nserc/NR24-4-2004-eng.pdf |
| 986 | |aNRCC 47343 |